[Event "Titled Tuesday intern op 27th Feb Late"]
[Site "Chess.com INT"]
[Date "2024.02.27"]
[Round "2"]
[White "Biernacki, Mark"]
[Black "Shapiro, Viktor"]
[Result "1-0"]
[WhiteElo "1981"]
[BlackElo "2113"]
[PlyCount "81"]
[EventDate "2024.02.27"]
[EventType "swiss (blitz)"]
[EventRounds "11"]
[EventCountry "USA"]
[SourceTitle "CB10_2024"]
[SourceDate "2024.03.06"]
[SourceVersion "1"]
[SourceVersionDate "2024.03.06"]
[SourceQuality "1"]

1. d4 Nf6 2. Bg5 c5 3. Bxf6 gxf6 4. d5 Qb6 5. Qc1 Bh6 6. e3 d6 7. c4 Nd7 8. Nc3 f5 9. Nf3 a6 10. Bd3 Nf6 11. Qc2 e6 12. Rb1 Rg8 13. g3 Bd7 14. a3 Qa5 15. b4 Qxa3 16. bxc5 Qxc5 17. Rxb7 exd5 18. Bxf5 Bc6 19. Rb1 dxc4 20. e4 Ke7 21. 0-0 Rgb8 22. e5 Bxf3 23. exf6+ Kxf6 24. Be4 Qh5 25. Nd5+ Ke5 26. Rfe1 Rxb1 27. Qxb1 Bd2 28. Bxf3+ Bxe1 29. Qxe1+ Kd4 30. Bxh5 Rb8 31. Qd2+ Kc5 32. Ne3 Rb5 33. Qd5+ Kb4 34. Qxc4+ Ka5 35. Be2 Kb6 36. Qd4+ Rc5 37. Qxd6+ Rc6 38. Qb4+ Kc7 39. Nd5+ Kd7 40. Qe7+ Kc8 41. Nf6 1-0

[Event "Titled Tuesday intern op 13th Feb Late"]
[Site "Chess.com INT"]
[Date "2024.02.13"]
[Round "2"]
[White "Biernacki, Mark"]
[Black "Womacka, Mathias"]
[Result "0-1"]
[WhiteElo "1981"]
[BlackElo "2355"]
[PlyCount "86"]
[EventDate "2024.02.13"]
[EventType "swiss (blitz)"]
[EventRounds "11"]
[EventCountry "USA"]
[SourceTitle "CB08_2024"]
[SourceDate "2024.02.21"]
[SourceVersion "1"]
[SourceVersionDate "2024.02.21"]
[SourceQuality "1"]

1. d4 Nf6 2. c4 e6 3. Nc3 Bb4 4. Qc2 c5 5. e3 Nc6 6. Nf3 cxd4 7. exd4 d5 8. c5 0-0 9. Be2 e5 10. dxe5 Ng4 11. a3 Bxc5 12. 0-0 Ncxe5 13. h3 Nxf3+ 14. Bxf3 Ne5 15. Bxd5 Qh4 16. Qe4 Qxe4 17. Nxe4 Bb6 18. Rd1 Rd8 19. Bf4 Nc6 20. Bxc6 bxc6 21. Rxd8+ Bxd8 22. Rc1 Be6 23. Nc5 Bd5 24. b4 a5 25. Re1 Bf6 26. bxa5 Bc3 27. Rb1 Bxa5 28. Rb8+ Rxb8 29. Bxb8 Kf8 30. Bd6+ Ke8 31. Kf1 g5 32. f3 h5 33. Kf2 f6 34. g3 Kf7 35. h4 gxh4 36. gxh4 Kg6 37. Kg3 Kf5 38. Bf8 Be1+ 39. Kg2 Bxh4 40. Nd3 Ke6 41. a4 Bc4 42. Nb4 Kd7 43. a5 Kc7 0-1

[Event "Titled Tuesday intern op 06th Feb Late"]
[Site "Chess.com INT"]
[Date "2024.02.06"]
[Round "1"]
[White "Biernacki, Mark"]
[Black "Tologontegin, Semetey"]
[Result "1-0"]
[WhiteElo "1981"]
[BlackElo "2369"]
[PlyCount "81"]
[EventDate "2024.02.06"]
[EventType "swiss (blitz)"]
[EventRounds "11"]
[EventCountry "USA"]
[SourceTitle "CB07_2024"]
[SourceDate "2024.02.14"]
[SourceVersion "1"]
[SourceVersionDate "2024.02.14"]
[SourceQuality "1"]

1. e4 e5 2. Nf3 Nc6 3. Bc4 Bc5 4. c3 Nf6 5. d4 exd4 6. e5 d5 7. Be2 Ne4 8. cxd4 Bb6 9. Nc3 Bg4 10. Be3 0-0 11. 0-0 Qd7 12. Rc1 Rad8 13. Na4 f6 14. exf6 Rxf6 15. Nxb6 axb6 16. Qa4 Rdf8 17. Qd1 Rg6 18. Kh1 Qd6 19. a3 Bxf3 20. Bxf3 Ng5 21. Bh5 Ne4 22. Bxg6 Qxg6 23. h3 Rf5 24. Qg4 Qf7 25. Kg1 h5 26. Qe2 g5 27. Rfd1 Qg6 28. f3 Nd6 29. Bf2 Rf7 30. Qd3 Nf5 31. b4 Qd6 32. Re1 Nh4 33. Re8+ Kg7 34. Bxh4 gxh4 35. Rce1 Qf6 36. Rd1 Qg5 37. Qe2 Rf6 38. Rc8 Rf7 39. Qe6 Qf4 40. Qxd5 Ne7 41. Qe6 1-0

[Event "Titled Tuesday intern op 06th Feb Early"]
[Site "Chess.com INT"]
[Date "2024.02.06"]
[Round "1"]
[White "Bilan, Danila"]
[Black "Biernacki, Mark"]
[Result "1-0"]
[WhiteElo "2303"]
[BlackElo "1981"]
[PlyCount "95"]
[EventDate "2024.02.06"]
[EventType "swiss (blitz)"]
[EventRounds "11"]
[EventCountry "USA"]
[SourceTitle "CB07_2024"]
[SourceDate "2024.02.14"]
[SourceVersion "1"]
[SourceVersionDate "2024.02.14"]
[SourceQuality "1"]

1. d4 d5 2. Nf3 Nf6 3. c4 dxc4 4. e3 a6 5. Bxc4 Bg4 6. Bxf7+ Kxf7 7. Ne5+ Ke8 8. Nxg4 Nxg4 9. Qxg4 Qd5 10. Nc3 Qd7 11. Qe4 c6 12. 0-0 e6 13. Na4 Qf7 14. Bd2 Nd7 15. f4 Bd6 16. f5 e5 17. dxe5 Bxe5 18. Bc3 Qe7 19. Bxe5 Qxe5 20. Qxe5+ Nxe5 21. Nc5 Ke7 22. b3 b6 23. Ne6 g6 24. e4 gxf5 25. exf5 Kf6 26. Rad1 Rhg8 27. Nd4 Rac8 28. Nf3 Rgd8 29. Nxe5 Kxe5 30. Rde1+ Kd6 31. f6 Rf8 32. Rf3 Rc7 33. b4 Rcf7 34. Ref1 c5 35. bxc5+ bxc5 36. g4 c4 37. g5 Rg8 38. h4 h6 39. Rf5 hxg5 40. hxg5 Rh7 41. Kg2 Ke6 42. f7 Rf8 43. g6 Rg7 44. Rf6+ Ke7 45. Kg3 c3 46. Kg4 c2 47. Kg5 c1Q+ 48. Rxc1 1-0

[Event "Titled Tuesday intern op 12th Dec Early"]
[Site "Chess.com INT"]
[Date "2023.12.12"]
[Round "1"]
[White "Leiva Rodriguez, Jeammarco Giuseppe"]
[Black "Biernacki, Mark"]
[Result "1-0"]
[WhiteElo "2398"]
[BlackElo "1981"]
[PlyCount "93"]
[EventDate "2023.12.12"]
[EventType "swiss (blitz)"]
[EventRounds "11"]
[EventCountry "USA"]
[SourceTitle "CB51_2023"]
[SourceDate "2023.12.20"]
[SourceVersion "1"]
[SourceVersionDate "2023.12.20"]
[SourceQuality "1"]

1. e4 c6 2. d4 d5 3. exd5 cxd5 4. Bd3 Nc6 5. c3 Nf6 6. Bf4 g6 7. Nd2 Bf5 8. Bxf5 gxf5 9. Ne2 e6 10. Ng3 Bd6 11. Bxd6 Qxd6 12. Nh5 Nxh5 13. Qxh5 Qe7 14. 0-0-0 0-0-0 15. Kb1 Rhg8 16. g3 Qf6 17. Nf3 Rg4 18. Rde1 Rdg8 19. Ne5 Nxe5 20. dxe5 Qg6 21. Qxg6 fxg6 22. f3 Rc4 23. h4 h5 24. Re3 Kd7 25. b3 Rc6 26. Kc2 Ke7 27. Kd2 Rd8 28. Rd3 Rf8 29. Ke3 Rfc8 30. Rc1 Kf7 31. Kf4 b5 32. Kg5 R8c7 33. a3 a5 34. Kh6 Rc8 35. Kg5 R8c7 36. Kh6 Rc8 37. g4 hxg4 38. fxg4 b4 39. axb4 axb4 40. c4 R8c7 41. h5 gxh5 42. gxh5 Rc8 43. Ra1 R8c7 44. Rg1 dxc4 45. bxc4 Rxc4 46. Rg7+ Kf8 47. Rd8# 1-0

[Event "Titled Tuesday intern op 14th Nov Early"]
[Site "Chess.com INT"]
[Date "2023.11.14"]
[Round "1"]
[White "Dyachuk, Artem"]
[Black "Biernacki, Mark"]
[Result "0-1"]
[WhiteElo "2233"]
[BlackElo "1981"]
[PlyCount "114"]
[EventDate "2023.11.14"]
[EventType "swiss (blitz)"]
[EventRounds "11"]
[EventCountry "USA"]
[SourceTitle "CB47_2023"]
[SourceDate "2023.11.22"]
[SourceVersion "1"]
[SourceVersionDate "2023.11.22"]
[SourceQuality "1"]

1. e4 c6 2. Nc3 d5 3. Nf3 dxe4 4. Nxe4 Nf6 5. Qe2 Nxe4 6. Qxe4 Qd5 7. Qh4 Bf5 8. Bc4 Qe4+ 9. Qxe4 Bxe4 10. Bxf7+ Kxf7 11. Ng5+ Ke8 12. Nxe4 Nd7 13. 0-0 Nf6 14. Re1 Nxe4 15. Rxe4 Kd7 16. d3 e6 17. Bd2 Re8 18. Rae1 Bd6 19. Bc3 Re7 20. f4 Rf8 21. g3 Rf5 22. Kg2 h6 23. Rf1 Ref7 24. Ree1 g6 25. h4 a6 26. Bd2 Rf8 27. b3 Rg8 28. Bc3 Rf7 29. Re4 Rgf8 30. Rfe1 Re7 31. h5 gxh5 32. Rh1 Rf5 33. Kf3 Ref7 34. Re2 b5 35. Reh2 e5 36. Rxh5 Rxh5 37. Rxh5 exf4 38. g4 Bf8 39. Bd2 Rf6 40. c4 Kd6 41. Bb4+ Kd7 42. Bxf8 Rxf8 43. Rxh6 Kc7 44. Rh5 Rd8 45. Ke4 f3 46. Rf5 Rg8 47. Kxf3 Kd6 48. g5 Ke6 49. Ke4 Kd6 50. c5+ Ke7 51. Ke5 Rg6 52. d4 Re6+ 53. Kf4 Re1 54. g6 Rg1 55. Rg5 Rf1+ 56. Ke3 Kf8 57. g7+ Kg8 0-1

[Event "Charlotte op"]
[Site "Charlotte"]
[Date "2023.01.14"]
[Round "1"]
[White "Biernacki, Mark"]
[Black "Kavutskiy, Konstantin"]
[Result "0-1"]
[WhiteElo "1978"]
[BlackElo "2393"]
[PlyCount "52"]
[EventDate "2023.01.14"]
[EventType "swiss"]
[EventRounds "6"]
[EventCountry "USA"]
[SourceTitle "CBM 212 Extra"]
[Source "ChessBase"]
[SourceDate "2023.03.31"]
[SourceVersion "1"]
[SourceVersionDate "2023.03.31"]
[SourceQuality "1"]

1. c4 g6 2. Nc3 Bg7 3. Nf3 Nf6 4. g3 0-0 5. Bg2 d6 6. 0-0 c5 7. d4 Nc6 8. d5 Na5 9. Nd2 e6 10. e4 exd5 11. cxd5 Bd7 12. f4 Re8 13. Re1 b5 14. h3 b4 15. Na4 Nxd5 16. e5 Bc6 17. Nb3 Nxb3 18. Qxb3 dxe5 19. Rd1 e4 20. Nxc5 Qb6 21. Be3 Nxe3 22. Qxe3 Rad8 23. Kf2 Bxb2 24. Rab1 Bg7 25. a3 Rxd1 26. Rxd1 bxa3 0-1

[Event "Titled Tuesday intern op 20th Dec Late"]
[Site "Chess.com INT"]
[Date "2022.12.20"]
[Round "3"]
[White "Biernacki, Mark"]
[Black "Jarocka, Liwia"]
[Result "1-0"]
[WhiteElo "1924"]
[BlackElo "2143"]
[PlyCount "37"]
[EventDate "2022.12.20"]
[EventType "swiss (blitz)"]
[EventRounds "11"]
[EventCountry "USA"]
[SourceTitle "EXT 2024"]
[Source "ChessBase"]
[SourceDate "2023.10.10"]
[SourceVersion "1"]
[SourceVersionDate "2023.10.10"]
[SourceQuality "1"]

1. c4 c5 2. Nc3 Nc6 3. Nf3 Nf6 4. g3 g6 5. Bg2 Bg7 6. 0-0 0-0 7. d4 cxd4 8. Nxd4 a6 9. c5 e5 10. Nb3 Re8 11. Bg5 b6 12. Bxc6 dxc6 13. Qxd8 Rxd8 14. cxb6 Rb8 15. Ne4 Nxe4 16. Bxd8 Be6 17. Bc7 Rb7 18. Na5 Bc8 19. Rfd1 1-0

[Event "Titled Tuesday intern op 20th Dec Late"]
[Site "Chess.com INT"]
[Date "2022.12.20"]
[Round "11"]
[White "Biernacki, Mark"]
[Black "White, John S"]
[Result "1-0"]
[WhiteElo "1924"]
[BlackElo "2235"]
[PlyCount "51"]
[EventDate "2022.12.20"]
[EventType "swiss (blitz)"]
[EventRounds "11"]
[EventCountry "USA"]
[SourceTitle "EXT 2024"]
[Source "ChessBase"]
[SourceDate "2023.10.10"]
[SourceVersion "1"]
[SourceVersionDate "2023.10.10"]
[SourceQuality "1"]

1. c4 c5 2. Nc3 Nc6 3. Nf3 g6 4. g3 Bg7 5. Bg2 d6 6. 0-0 e6 7. e3 Nge7 8. d4 cxd4 9. exd4 d5 10. cxd5 exd5 11. Bg5 Bf5 12. Re1 0-0 13. Nxd5 Qxd5 14. Bxe7 Nxe7 15. Rxe7 Be6 16. Ne5 Bf6 17. Bxd5 Bxd5 18. Rd7 Bxe5 19. Rxd5 Bg7 20. Rd7 b6 21. Qf3 Rad8 22. Rxd8 Rxd8 23. d5 Bxb2 24. Re1 Kg7 25. Re7 Bf6 26. Rxa7 1-0

[Event "Titled Tuesday intern op 20th Dec Late"]
[Site "Chess.com INT"]
[Date "2022.12.20"]
[Round "8"]
[White "Biernacki, Mark"]
[Black "Zenelaj, Samuel"]
[Result "0-1"]
[WhiteElo "1924"]
[BlackElo "2327"]
[PlyCount "70"]
[EventDate "2022.12.20"]
[EventType "swiss (blitz)"]
[EventRounds "11"]
[EventCountry "USA"]
[SourceTitle "EXT 2024"]
[Source "ChessBase"]
[SourceDate "2023.10.10"]
[SourceVersion "1"]
[SourceVersionDate "2023.10.10"]
[SourceQuality "1"]

1. c4 c5 2. Nc3 Nc6 3. Nf3 g6 4. g3 Bg7 5. Bg2 e6 6. 0-0 Nge7 7. d4 Nxd4 8. Nxd4 cxd4 9. Nb5 Qb6 10. Bf4 e5 11. Bg5 a6 12. Bxe7 Kxe7 13. Na3 Rd8 14. e3 dxe3 15. fxe3 Qxe3+ 16. Kh1 d6 17. Bd5 Be6 18. Bxe6 fxe6 19. Nc2 Qe4+ 20. Kg1 Rf8 21. Re1 Qxc4 22. Ne3 Qd4 23. Qb3 b5 24. Rad1 Qb6 25. Kg2 Rac8 26. Rd5 e4 27. Red1 Rc6 28. Re1 Rf3 29. Rd2 Bh6 30. Rf2 Bxe3 31. Rxf3 exf3+ 32. Kxf3 Rc4 33. Rxe3 Qc6+ 34. Kf2 Rc2+ 35. Kg1 Qg2# 0-1

[Event "Titled Tuesday intern op 20th Dec Late"]
[Site "Chess.com INT"]
[Date "2022.12.20"]
[Round "1"]
[White "Cilek, Bora"]
[Black "Biernacki, Mark"]
[Result "1-0"]
[WhiteElo "2285"]
[BlackElo "1924"]
[PlyCount "71"]
[EventDate "2022.12.20"]
[EventType "swiss (blitz)"]
[EventRounds "11"]
[EventCountry "USA"]
[SourceTitle "EXT 2024"]
[Source "ChessBase"]
[SourceDate "2023.10.10"]
[SourceVersion "1"]
[SourceVersionDate "2023.10.10"]
[SourceQuality "1"]

1. e4 c5 2. c3 Nf6 3. e5 Nd5 4. d4 cxd4 5. cxd4 e6 6. Nf3 d6 7. Bc4 Be7 8. 0-0 0-0 9. Re1 Bd7 10. Bxd5 exd5 11. Nc3 Bc6 12. Qb3 dxe5 13. Nxe5 Bf6 14. Be3 Nd7 15. Nxd5 Bxe5 16. dxe5 Nxe5 17. Rad1 Qh4 18. Bc5 Ng4 19. h3 Bxd5 20. Rxd5 Nf6 21. Rd4 Qh5 22. Bxf8 Rxf8 23. Qxb7 Qc5 24. Red1 h6 25. Rd8 Rxd8 26. Rxd8+ Kh7 27. Qb3 Ne4 28. Qe3 Qa5 29. Qxe4+ f5 30. Qe8 Qxa2 31. Qh8+ Kg6 32. Rd6+ Kh5 33. Qe8+ Kg5 34. Qe7+ Kf4 35. g3+ Kf3 36. Qe3# 1-0

[Event "North Carolina op"]
[Site "Charlotte"]
[Date "2018.11.17"]
[Round "2"]
[White "Agarwalla, Mohak"]
[Black "Biernacki, Mark"]
[Result "0-1"]
[WhiteElo "1191"]
[BlackElo "1881"]
[PlyCount "134"]
[EventDate "2018.11.16"]
[EventType "swiss"]
[EventRounds "5"]
[EventCountry "USA"]
[SourceTitle "CBM 187 Extra"]
[Source "ChessBase"]
[SourceDate "2018.11.04"]
[SourceVersion "1"]
[SourceVersionDate "2018.11.04"]
[SourceQuality "1"]

1. e4 c5 2. Nf3 e6 3. d4 cxd4 4. Nxd4 Nf6 5. Nc3 Nc6 6. Nxc6 bxc6 7. e5 Nd5 8. Nxd5 cxd5 9. Bd3 Ba6 10. 0-0 Bxd3 11. Qxd3 Qc7 12. Re1 Rb8 13. Re2 g6 14. c3 Bg7 15. Bf4 0-0 16. Qe3 Qc4 17. Rd2 Rfc8 18. Bh6 Bh8 19. Bg5 Qc5 20. Qxc5 Rxc5 21. Be3 Ra5 22. Bd4 Bg7 23. Kf1 Bf8 24. b4 Ra3 25. Rb2 d6 26. Rb3 Ra4 27. f4 dxe5 28. fxe5 Be7 29. Ke2 Kg7 30. Kd3 f6 31. Rf1 f5 32. Ra1 Rc8 33. a3 g5 34. Rbb1 Kg6 35. Kc2 Rc4 36. Kb3 Ra6 37. Kc2 Rac6 38. Kd3 Bd8 39. b5 Rc7 40. a4 Rb7 41. a5 Bc7 42. b6 axb6 43. a6 Rb8 44. a7 Ra8 45. Bxb6 Bxe5 46. Bd4 Bxd4 47. cxd4 Rc7 48. Rb6 Kf6 49. Rba6 f4 50. h3 Kf5 51. Re1 Re7 52. Rea1 h5 53. Kc3 g4 54. hxg4+ hxg4 55. Kd3 g3 56. Ke2 Rb7 57. R6a2 Ke4 58. Ra6 Rb2+ 59. Kf1 f3 60. gxf3+ Kxd4 61. Rxe6 g2+ 62. Kg1 Rh8 63. Ra4+ Kc5 64. Ra5+ Kc4 65. Ra4+ Kb5 66. Ra5+ Kxa5 67. Rh6 Rg8 0-1